| 000 | 00490nam a22001817a 4500 | ||
|---|---|---|---|
| 003 | OSt | ||
| 005 | 20140310181710.0 | ||
| 008 | 121207t xxu||||| |||| 00| 0 eng d | ||
| 050 |
_aKPM 1475 _b.C536 2002 |
||
| 082 |
_aFIL 362.709599 _bC43 2002 |
||
| 245 |
_aThe Child and youth welfare code : _bpresidential decree no. 603 / |
||
| 260 |
_aManila, _c1974. |
||
| 300 |
_ax, 66 p. ; _c24 cm. |
||
| 521 | _aBasic Ed. Students | ||
| 541 | _j1 | ||
| 562 | _e1 | ||
| 942 |
_2lcc _cBK-FIL _kFIL |
||
| 999 |
_c1536 _d1536 |
||